Biblioteca ESET

Malvinas, mi casa | Vísperas, Diario de María Sáez de Vernet y Apostillas (Registro nro. 825)

Detalles MARC
000 -CABECERA
fixed length control field 00585nam a22001577a 4500
003 - CONTROL NUMBER IDENTIFIER
control field AR-BeUNQ
005 - FECHA Y HORA DE LA ULTIMA TRANSACCION
control field 20250716165401.0
020 01 - NUMERO INTERNACIONAL NORMALIZADO PARA LIBROS
Número Internacional Normalizado del libro 9789874852038
100 01 - ASIENTO PRINCIPAL-NOMBRE PERSONAL
Nombre personal Verner, Marcelo Luis
245 01 - MENCION DE TITULO
Título Malvinas, mi casa
Otra información sobre el título Vísperas, Diario de María Sáez de Vernet y Apostillas
250 ## - MENCION DE EDICION
Mención de edición 3a.
260 ## - PUBLICACION, DISTRIBUCION, ETC.
Lugar de publicación, distribución, etc. La Plata :
Nombre del editor, distribuidor, etc. Estructura mental a las Estrellas,
Fecha de publicación, distribución, etc 2022
942 ## - ELEMENTOS DE PUNTO DE ACCESO ADICIONAL (KOHA)
Tipo de ítem Koha Libros
Existencias
Estado de retiro Estado de pérdida No para préstamo Ubicación permanente Ubicación actual Ubicación en estantería Fecha de ingreso Signatura topográfica completa Inventario Date last seen Tipo de ítem Koha Total Checkouts Operador
      Biblioteca ESET - UNQ Biblioteca ESET - UNQ CIRCULACION 19/05/2023 982 VER 60698 19/05/2023 Libros    
      Biblioteca ESET - UNQ Biblioteca ESET - UNQ SALA 16/07/2025 982 VER 63506 16/07/2025 Libros   Gladys Alarcon

ESET UNQ

☏ 4365-7188
 Avenida República de Francia 1714 entre Doctor Kenny y Concordia, Ezpeleta, Bs As.
✉ secretaria_eset@unq.edu.ar

Con tecnología Koha